Organización general y estructura de la empresa / (Registro nro. 189823)
[ vista simple ]
| 000 -LEADER | |
|---|---|
| campo de control de longitud fija | 00814nam a2200217 i 4500 |
| 001 - NÚMERO DE CONTROL | |
| campo de control | 189823 |
| 003 - IDENTIFICADOR DE NÚMERO DE CONTROL | |
| campo de control | ES-MaACL |
| 005 - FECHA Y HORA DE LA ÚLTIMA TRANSACCIÓN | |
| campo de control | 20250902080712.0 |
| 008 - DATOS DE LONGITUD FIJA--INFORMACIÓN GENERAL | |
| campo de control de longitud fija | 191202s1965 sp |||| | spa d |
| 100 0# - ENTRADA PRINCIPAL--NOMBRE DE PERSONA | |
| Nombre de persona | Caude, Roland. |
| 9 (RLIN) | 37099 |
| 245 10 - MENCIÓN DEL TÍTULO | |
| Título | Organización general y estructura de la empresa / |
| Mención de responsabilidad, etc. | Roland Caude ; traducido por Cruz Ansola Larrañaga ; prologada por J.M. Elorduy Taubmann. |
| 260 ## - PUBLICACIÓN, DISTRIBUCIÓN, ETC. | |
| Lugar de publicación, distribución, etc. | Bilbao : |
| Nombre del editor, distribuidor, etc. | Deusto, |
| Fecha de publicación, distribución, etc. | [1965] |
| 300 ## - DESCRIPCIÓN FÍSICA | |
| Extensión | 282 p. ; |
| Dimensiones | 22 cm. |
| 490 1# - MENCIÓN DE SERIE | |
| Mención de serie | Enciclopedia de la Empresa Moderna ; |
| Designación de volumen o secuencia | 1 |
| 650 #7 - PUNTO DE ACCESO ADICIONAL DE MATERIA--TÉRMINO DE MATERIA | |
| Término de materia o nombre geográfico como elemento de entrada | Organización de la empresa |
| Fuente del encabezamiento o término | embne |
| 9 (RLIN) | 12228 |
| 700 0# - ENTRADA AGREGADA--NOMBRE PERSONAL | |
| Nombre de persona | Ansola Larrañaga, Cruz. |
| 9 (RLIN) | 21843 |
| 700 1# - ENTRADA AGREGADA--NOMBRE PERSONAL | |
| Nombre de persona | Elorduy Taubmann, Juan Manuel. |
| 9 (RLIN) | 168962 |
| 830 00 - PUNTO DE ACCESO ADICIONAL DE SERIE-TÍTULO UNIFORME | |
| Título uniforme | Enciclopedia de la empresa moderna |
| Designación de volumen o secuencia | 1 |
| 9 (RLIN) | 193420 |
| 852 ## - LOCALIZACIÓN | |
| Ubicación | ES-MaACL |
| Número de control de estantería | P-1093-1 |
| Estatus retirado | Estado de pérdida | Estado de daño | No para préstamo | Biblioteca de origen | Biblioteca actual | Ubicación en estantería | Fecha de adquisición | Fuente de adquisición | Total de préstamos | Signatura topográfica completa | Código de barras | Visto por última vez | Precio de reemplazo | Tipo de ítem Koha |
|---|---|---|---|---|---|---|---|---|---|---|---|---|---|---|
| Biblioteca del Ateneo de Madrid | Biblioteca del Ateneo de Madrid | Depósito 2 | 02/12/2019 | P-1093-1 | 1201335 | 23/02/2023 | 23/02/2023 | Libro impreso |
